5HLuxD.jpg

KING HENRY VIII SENIOR AND PRIMARY SCHOOL LIBRARY OPAC

Amber, the Orange Fairy (Record no. 2257)

000 -LEADER
fixed length control field 00906nam a22002297a 4500
005 - DATE AND TIME OF LATEST TRANSACTION
control field 20230405145014.0
008 - FIXED-LENGTH DATA ELEMENTS--GENERAL INFORMATION
fixed length control field 230405b ||||| |||| 00| 0 eng d
020 ## - INTERNATIONAL STANDARD BOOK NUMBER
International Standard Book Number 9781408348529
040 ## - CATALOGING SOURCE
Transcribing agency KH8
082 ## - DEWEY DECIMAL CLASSIFICATION NUMBER
Classification number FIC MEA
100 ## - MAIN ENTRY--PERSONAL NAME
Personal name Meadows, Daisy
Relator term Author
245 ## - TITLE STATEMENT
Title Amber, the Orange Fairy
Statement of responsibility, etc. Daisy Meadows
260 ## - PUBLICATION, DISTRIBUTION, ETC.
Place of publication, distribution, etc. London,
Name of publisher, distributor, etc. Orchard Books, an imprint of Hachette Children's Group, part of The Watts Publishing Group Limited,
Date of publication, distribution, etc. 2016
300 ## - PHYSICAL DESCRIPTION
Extent 70 pages
Other physical details illustrations
Dimensions 20 cm
Accompanying material map
500 ## - GENERAL NOTE
General note "First published in Great Britain in 2003 by Orchard Books."--Title page verso
520 ## - SUMMARY, ETC.
Summary, etc. "Amber the Orange Fairy has been trapped by Jack Frost! Can Rachel and Kirsty rescue her and her magical sisters, before colour disappears from Fairyland forever?"
521 ## - TARGET AUDIENCE NOTE
Target audience note 5+.
650 ## - SUBJECT ADDED ENTRY--TOPICAL TERM
Topical term or geographic name entry element Children's stories
650 ## - SUBJECT ADDED ENTRY--TOPICAL TERM
Topical term or geographic name entry element Color
650 ## - SUBJECT ADDED ENTRY--TOPICAL TERM
Topical term or geographic name entry element Color Juvenile fiction
942 ## - ADDED ENTRY ELEMENTS (KOHA)
Source of classification or shelving scheme
Koha item type Books - Fiction
Holdings
Withdrawn status Lost status Source of classification or shelving scheme Damaged status Not for loan Collection code Permanent Location Current Location Shelving location Date acquired Total Checkouts Full call number Barcode Date last seen Date last checked out Price effective from Koha item type
          Fiction KH8 Primary School Library KH8 Primary School Library Fiction 2023-04-05 11 FIC MEA KHPL000004004 2026-03-18 2026-03-12 2023-04-05 Books - Fiction

Powered By KH8 IT Dept